| 000 | 00000nam 2200000za 4500 |
| 001 | 9.840411 |
| 003 | CaOODSP |
| 005 | 20230809152203 |
| 007 | cr ||||||||||| |
| 008 | 170726m20132015quc ob f000 0 eng d |
| 040 | |aCaOODSP|beng |
| 041 | |aeng|gfre |
| 043 | |an-cn--- |
| 086 | 1 |aP29-003-014-2013E-PDF |
| 245 | 00|aPropane for fuel purposes |h[electronic resource] / |cprepared by the Canadian General Standards Board ; approved by the Standards Council of Canada. |
| 260 | |aGatineau : |bCanadian General Standards Board, |c2013, 2015. |
| 300 | |a2 v. (various pagings) |
| 490 | 1 |aNational standard of Canada ; |vno. 3.14-2013 |
| 500 | |a"May 2013." |
| 500 | |a"Experience and excellence"--Cover. |
| 500 | |aSupersedes CAN/CGSB-3.14-2006. |
| 500 | |aIssued also in French under title: Propane utilisé comme carburant. |
| 500 | |aIncludes corrigendum, no. 1, June 2015. |
| 504 | |aIncludes bibliographical references. |
| 520 | |a"This standard describes two grades of propane used only for fuel purposes. These grades consist mainly of C3 compounds"--Scope, p. 1. |
| 546 | |aStandard in English only, corrigendum in English and French. |
| 692 | 07|2gccst|aFuels |
| 692 | 07|2gccst|aPetroleum |
| 692 | 07|2gccst|aStandards |
| 710 | 2 |aStandards Council of Canada. |
| 710 | 2 |aCanadian General Standards Board. |
| 775 | 08|tPropane utilisé comme carburant |w(CaOODSP)9.840414 |
| 794 | |tPropane for fuel purposes |b2018|w(CaOODSP)9.860966 |
| 830 | #0|aNational standard of Canada ;|vno. 3.14-2013.|w(CaOODSP)9.507848 |
| 856 | 40|qPDF|s236 KB|uhttps://publications.gc.ca/collections/collection_2017/ongc-cgsb/P29-003-014-2013-eng.pdf|zStandard |
| 856 | 40|qPDF|s19 KB|uhttps://publications.gc.ca/collections/collection_2017/ongc-cgsb/P29-003-014-2013-1.pdf|zCorrigendum |
| 986 | |aICS 75.160.20 |